|
|
|
|
| LEADER |
00000cam a2200000 c 4500 |
| 001 |
023941480 |
| 003 |
DE-627 |
| 005 |
20260416181213.0 |
| 007 |
tu |
| 008 |
710101s1981 gw ||||| 00| ||ger c |
| 015 |
|
|
|a 82,A03,0197
|2 dnb
|
| 016 |
7 |
|
|a 820061476
|2 DE-101
|
| 020 |
|
|
|a 3407850077
|9 3-407-85007-7
|
| 035 |
|
|
|a (DE-627)023941480
|
| 035 |
|
|
|a (DE-603)005933439
|
| 035 |
|
|
|a (DE-576)009002154
|
| 035 |
|
|
|a (DE-599)GBV023941480
|
| 035 |
|
|
|a (OCoLC)180383185
|
| 035 |
|
|
|a (OCoLC)180383185
|
| 035 |
|
|
|a (DE-604)8034120858
|
| 040 |
|
|
|a DE-627
|b ger
|c DE-627
|e rakwb
|
| 041 |
|
|
|a ger
|
| 044 |
|
|
|c XA-DE
|c XA-CH
|
| 084 |
|
|
|a MED 633
|2 sfb
|
| 084 |
|
|
|a MED 639
|2 sfb
|
| 084 |
|
|
|a MED 645
|2 sfb
|
| 084 |
|
|
|a 11
|2 sdnb
|
| 084 |
|
|
|a 11
|a 33
|a 14
|2 sdnb
|
| 084 |
|
|
|a 1
|2 ssgn
|
| 084 |
|
|
|a BH 6200
|2 rvk
|0 (DE-625)rvk/11731:
|
| 084 |
|
|
|a CW 6940
|2 rvk
|0 (DE-625)rvk/19200:
|
| 084 |
|
|
|a CU 4000
|2 rvk
|0 (DE-625)rvk/19113:
|
| 100 |
1 |
|
|a Jaffe, Jerome
|4 aut
|
| 240 |
1 |
0 |
|a Addictions <dt.>
|
| 245 |
1 |
0 |
|a Sucht und Abhängigkeit
|b Flucht aus dem Alltag
|c Jerome Jaffe; Robert Petersen; Ray Hodgson. Aus dem Engl. übers. von Manfred Ohl und Hans Sartorius
|
| 264 |
|
1 |
|a Weinheim [u.a.]
|b Beltz
|c 1981
|
| 300 |
|
|
|a 138 S
|b Ill
|c 23 cm
|
| 336 |
|
|
|a Text
|b txt
|2 rdacontent
|
| 337 |
|
|
|a ohne Hilfsmittel zu benutzen
|b n
|2 rdamedia
|
| 338 |
|
|
|a Band
|b nc
|2 rdacarrier
|
| 490 |
0 |
|
|a Psychologie des Alltagslebens
|
| 583 |
1 |
|
|a Archivierung/Langzeitarchivierung gewährleistet
|f PEBW
|x XA-DE-BW
|2 pdager
|5 DE-31
|
| 650 |
|
4 |
|a Rauschgift, Kräuter
|
| 689 |
0 |
0 |
|d s
|0 (DE-588)4070587-0
|0 (DE-627)106099663
|0 (DE-576)209181532
|a Drogenmissbrauch
|2 gnd
|
| 689 |
0 |
|
|5 (DE-627)
|
| 700 |
1 |
|
|a Petersen, Robert
|4 oth
|
| 700 |
1 |
|
|a Hodgson, Ray
|4 oth
|
| 700 |
1 |
|
|a Ohl, Manfred
|4 oth
|
| 700 |
1 |
|
|a Sartorius, Hans
|4 oth
|
| 700 |
1 |
|
|a Peterson, Robert
|e VerfasserIn
|4 aut
|
| 700 |
1 |
2 |
|a Jaffe, Jerome
|t Addictions <dt.>
|
| 700 |
1 |
2 |
|a Jaffe, Jerome
|t Addictions, issues and answers <dt.>
|
| 856 |
4 |
2 |
|u http://scans.hebis.de/HEBCGI/show.pl?00593343_toc.pdf
|m V:DE-603;B:DE-17
|q application/pdf
|3 Inhaltsverzeichnis
|7 1
|
| 935 |
|
|
|a mteo
|
| 935 |
|
|
|i Blocktest
|
| 936 |
r |
v |
|a BH 6200
|b Systematische Einzelfragen
|k Theologie und Religionswissenschaften
|k Evangelische Dogmatik
|k Spezielle Dogmatik
|k Christologie
|k Systematische Einzelfragen
|0 (DE-627)1271718014
|0 (DE-625)rvk/11731:
|0 (DE-576)201718014
|
| 936 |
r |
v |
|a CW 6940
|b Suchtgefährdung
|k Psychologie
|k Angewandte Psychologie
|k Suchtgefährdung
|0 (DE-627)1270707868
|0 (DE-625)rvk/19200:
|0 (DE-576)200707868
|
| 936 |
r |
v |
|a CU 4000
|b Spezielle Verhaltensstörungen und Symptome
|k Psychologie
|k Klinische Psychologie
|k Psychische Störungen
|k Spezielle Verhaltensstörungen und Symptome
|0 (DE-627)1270710176
|0 (DE-625)rvk/19113:
|0 (DE-576)200710176
|
| 936 |
s |
n |
|a c200
|2 mzub
|
| 936 |
s |
n |
|a w200
|2 mzub
|
| 936 |
s |
n |
|a m200
|2 mzub
|
| 951 |
|
|
|a BO
|
| ELC |
|
|
|b 1
|
| LOK |
|
|
|0 000 xxxxxcx a22 zn 4500
|
| LOK |
|
|
|0 001 318244736X
|
| LOK |
|
|
|0 003 DE-627
|
| LOK |
|
|
|0 004 023941480
|
| LOK |
|
|
|0 005 20180601081906
|
| LOK |
|
|
|0 008 140925||||||||||||||||ger|||||||
|
| LOK |
|
|
|0 040
|a DE-21-110
|c DE-627
|d DE-21-110
|
| LOK |
|
|
|0 689
|a s
|a Suchtmittelmissbrauch
|
| LOK |
|
|
|0 689
|a s
|a Sucht
|
| LOK |
|
|
|0 689
|a s
|a Alkoholismus
|
| LOK |
|
|
|0 852
|a DE-21-110
|
| LOK |
|
|
|0 852 1
|c C XVII 248
|m v
|9 00
|
| LOK |
|
|
|0 935
|a k110
|
| LOK |
|
|
|0 938
|k v
|
| LOK |
|
|
|0 939
|a 2014-09-25
|b l01
|
| ORI |
|
|
|a WA-MARC-krimdoka001.raw
|
| SIG |
|
|
|a IFK: C XVII 248
|